000 00310nam a2200109 4500
008 b xx# fre u
040 _aLB-BrCRDP
082 1 _a107
_bFIC
245 1 0 _a50 fiches de lecture en philosophie
_b1. De Platon à Kant
942 _cBK
999 _c9957
_d9957